<?xml version="1.0" encoding="UTF-8"?>
<record
    xmlns:xsi="http://www.w3.org/2001/XMLSchema-instance"
    xsi:schemaLocation="http://www.loc.gov/MARC21/slim http://www.loc.gov/standards/marcxml/schema/MARC21slim.xsd"
    xmlns="http://www.loc.gov/MARC21/slim">

  <leader>01042nam a2200265 c 4500</leader>
  <controlfield tag="001">a6412380</controlfield>
  <controlfield tag="003">CO-ViMGA</controlfield>
  <controlfield tag="005">20230915233615.0</controlfield>
  <controlfield tag="008">190201s2018    sp a   | |||| 000 f spa  </controlfield>
  <datafield tag="020" ind1=" " ind2=" ">
    <subfield code="a">9789584274021</subfield>
  </datafield>
  <datafield tag="040" ind1=" " ind2=" ">
    <subfield code="a">CO-ViMGA</subfield>
    <subfield code="b">spa</subfield>
    <subfield code="c">CO-ViMGA</subfield>
  </datafield>
  <datafield tag="082" ind1="0" ind2="4">
    <subfield code="a">741.5 </subfield>
    <subfield code="b">V23i</subfield>
  </datafield>
  <datafield tag="100" ind1="0" ind2=" ">
    <subfield code="a">Vegetta777</subfield>
    <subfield code="e">autor</subfield>
    <subfield code="4">aut</subfield>
    <subfield code="9">1190</subfield>
  </datafield>
  <datafield tag="245" ind1="1" ind2="0">
    <subfield code="a">Wigetta y la isla de Mum&#xFA;chumu /</subfield>
    <subfield code="c">Vegetta777, Willyrex ; dise&#xF1;o de personajes, cubierta y sobrecubierta, Ismael Municio ; bocetos, color y creaci&#xF3;n de personajes secundarios, Pablo Verlarde ; l&#xED;nea y color, Jos&#xE9; Luis &#xC1;greda</subfield>
  </datafield>
  <datafield tag="250" ind1=" " ind2=" ">
    <subfield code="a">Primera edici&#xF3;n: noviembre de 2018</subfield>
  </datafield>
  <datafield tag="260" ind1=" " ind2=" ">
    <subfield code="b">Editorial Martinez Roca, Planeta</subfield>
  </datafield>
  <datafield tag="300" ind1=" " ind2=" ">
    <subfield code="a">319 p&#xE1;ginas</subfield>
    <subfield code="b">ilustraciones (color)</subfield>
    <subfield code="c">20 cm</subfield>
  </datafield>
  <datafield tag="490" ind1="0" ind2=" ">
    <subfield code="a">4You2</subfield>
  </datafield>
  <datafield tag="650" ind1="1" ind2="4">
    <subfield code="a">Comics</subfield>
    <subfield code="9">1191</subfield>
  </datafield>
  <datafield tag="700" ind1="1" ind2=" ">
    <subfield code="a">&#xC1;greda, Jos&#xE9; Luis</subfield>
    <subfield code="d">1971-</subfield>
    <subfield code="e">colorista</subfield>
    <subfield code="4">clr</subfield>
    <subfield code="9">1195</subfield>
  </datafield>
  <datafield tag="700" ind1="1" ind2=" ">
    <subfield code="a">Municio, Ismael</subfield>
    <subfield code="d">1980-</subfield>
    <subfield code="e">ilustrador</subfield>
    <subfield code="4">ill</subfield>
    <subfield code="9">1193</subfield>
  </datafield>
  <datafield tag="700" ind1="1" ind2=" ">
    <subfield code="a">Velarde, Pablo</subfield>
    <subfield code="d">1963-</subfield>
    <subfield code="e">ilustrador</subfield>
    <subfield code="4">ill</subfield>
    <subfield code="9">1194</subfield>
  </datafield>
  <datafield tag="700" ind1="1" ind2=" ">
    <subfield code="a">Willyrex</subfield>
    <subfield code="d">1993-</subfield>
    <subfield code="e">autor</subfield>
    <subfield code="4">aut</subfield>
    <subfield code="9">1192</subfield>
  </datafield>
  <datafield tag="942" ind1=" " ind2=" ">
    <subfield code="2">ddc</subfield>
    <subfield code="c">BK</subfield>
  </datafield>
  <datafield tag="999" ind1=" " ind2=" ">
    <subfield code="c">37379</subfield>
    <subfield code="d">37379</subfield>
  </datafield>
  <datafield tag="952" ind1=" " ind2=" ">
    <subfield code="0">0</subfield>
    <subfield code="1">0</subfield>
    <subfield code="2">ddc</subfield>
    <subfield code="4">0</subfield>
    <subfield code="7">0</subfield>
    <subfield code="8">002</subfield>
    <subfield code="a">MEVIECAR</subfield>
    <subfield code="b">MEVIECAR</subfield>
    <subfield code="d">2020-04-27</subfield>
    <subfield code="l">0</subfield>
    <subfield code="o">741.5 V23i</subfield>
    <subfield code="p">33444</subfield>
    <subfield code="r">2020-04-27 00:00:00</subfield>
    <subfield code="w">2020-04-27</subfield>
    <subfield code="y">BK</subfield>
  </datafield>
  <datafield tag="952" ind1=" " ind2=" ">
    <subfield code="0">0</subfield>
    <subfield code="1">0</subfield>
    <subfield code="2">ddc</subfield>
    <subfield code="4">0</subfield>
    <subfield code="7">0</subfield>
    <subfield code="8">002</subfield>
    <subfield code="a">MEVIECAR</subfield>
    <subfield code="b">MEVIECAR</subfield>
    <subfield code="d">2020-04-27</subfield>
    <subfield code="l">1</subfield>
    <subfield code="o">741.5 V23i</subfield>
    <subfield code="p">33443</subfield>
    <subfield code="r">2022-12-05 00:00:00</subfield>
    <subfield code="s">2022-11-25</subfield>
    <subfield code="w">2020-04-27</subfield>
    <subfield code="y">BK</subfield>
  </datafield>
</record>
